000 00581nam a22002177a 4500
003 UA-OsUOA
001 62985
007 ta
008 20090915b un ||||| |||| 00| 0 ukr d
100 _aПарнюк В.
090 _a330(477)
_bП18
942 _cSA
040 _aUA-OsUOA
_bukr
_cUA-OsUOA
_dUA-OsUOA
245 _aПряме оподаткування витратфізичних осіб на споживання
300 _aС.28-40
955 _a0
041 _aukr
080 _a330(477)
773 0 _w62984
650 7 _a330 Економіка взагалі
_2UDC
999 _c349075
_d349075